00488nam a2200181Ia 450000500170000000800410001702000100005804000190006804100120008708200150009910000190011424500540013326000400018730000120022765000140023965100430025385000100029620240131111846.0131103s9999 xx 000 0 und d cRs.14 aLoreto College aEnglish a370.1bKAB aKabir, Humayun aIndian Philosophy of Education, cHumayun Kabir aBombaybAsia Publishing Housec1964 a256 p.  aEducation aPhilosophy and Theory of Education,  aLCLIB